|
|
|
|
| LEADER |
00000cam a22000004a 4500 |
| 001 |
musev2_72234 |
| 003 |
MdBmJHUP |
| 005 |
20230905051434.0 |
| 006 |
m o d |
| 007 |
cr||||||||nn|n |
| 008 |
191122s2020 nbu o 00 0 eng d |
| 020 |
|
|
|a 9781496221490
|
| 020 |
|
|
|z 1496221494
|
| 020 |
|
|
|z 9781496214652
|
| 035 |
|
|
|a (OCoLC)1128270395
|
| 040 |
|
|
|a MdBmJHUP
|c MdBmJHUP
|
| 100 |
1 |
|
|a Harris, Cecil,
|d 1960-
|e author.
|
| 245 |
1 |
0 |
|a Different Strokes :
|b Serena, Venus, and the Unfinished Black Tennis Revolution /
|c Cecil Harris.
|
| 264 |
|
1 |
|a Lincoln :
|b University of Nebraska Press,
|c 2020.
|
| 264 |
|
3 |
|a Baltimore, Md. :
|b Project MUSE,
|c 2020
|
| 264 |
|
4 |
|c ©2020.
|
| 300 |
|
|
|a 1 online resource (256 pages).
|
| 336 |
|
|
|a text
|b txt
|2 rdacontent
|
| 337 |
|
|
|a computer
|b c
|2 rdamedia
|
| 338 |
|
|
|a online resource
|b cr
|2 rdacarrier
|
| 505 |
0 |
|
|a Introduction -- Serena -- Venus -- Early Black tennis -- Arthur Ashe -- Althea Gibson -- U.S. Open money -- Black umpires -- Sloane Stephens -- James Blake -- Tournament director -- Coaches -- Contemporary male players -- Contemporary female players -- Serena vs. Naomi Osaka.
|
| 520 |
|
|
|a "Different Strokes closely examines how African Americans collectively are faring in tennis, on the court and off"--
|c Provided by publisher
|
| 588 |
|
|
|a Description based on print version record.
|
| 650 |
|
7 |
|a Tennis
|x Social aspects.
|2 fast
|0 (OCoLC)fst01147635
|
| 650 |
|
7 |
|a Tennis.
|2 fast
|0 (OCoLC)fst01147615
|
| 650 |
|
7 |
|a African American women tennis players.
|2 fast
|0 (OCoLC)fst00799530
|
| 650 |
|
7 |
|a African American tennis players.
|2 fast
|0 (OCoLC)fst00799417
|
| 650 |
|
7 |
|a SPORTS & RECREATION
|x Tennis.
|2 bisacsh
|
| 650 |
|
6 |
|a Tennis
|z États-Unis
|x Histoire.
|
| 650 |
|
6 |
|a Tennis
|x Aspect social
|z États-Unis.
|
| 650 |
|
6 |
|a Joueuses de tennis noires americaines
|v Biographies.
|
| 650 |
|
6 |
|a Joueurs de tennis noirs americains
|v Biographies.
|
| 650 |
|
0 |
|a Tennis
|z United States
|x History.
|
| 650 |
|
0 |
|a Tennis
|x Social aspects
|z United States.
|
| 650 |
|
0 |
|a African American women tennis players
|v Biography.
|
| 650 |
|
0 |
|a African American tennis players
|v Biography.
|
| 651 |
|
7 |
|a United States.
|2 fast
|0 (OCoLC)fst01204155
|
| 655 |
|
7 |
|a History.
|2 fast
|0 (OCoLC)fst01411628
|
| 655 |
|
7 |
|a Biographies.
|2 fast
|0 (OCoLC)fst01919896
|
| 655 |
|
7 |
|a Electronic books.
|2 local
|
| 710 |
2 |
|
|a Project Muse.
|e distributor
|
| 830 |
|
0 |
|a Book collections on Project MUSE.
|
| 856 |
4 |
0 |
|z Texto completo
|u https://projectmuse.uam.elogim.com/book/72234/
|
| 945 |
|
|
|a Project MUSE - Custom Collection
|
| 945 |
|
|
|a Project MUSE - 2020 Complete
|
| 945 |
|
|
|a Project MUSE - 2020 Global Cultural Studies
|
| 945 |
|
|
|a Project MUSE - 2020 American Studies
|